000 00292nam a22001337a 4500
008 170817b xxu||||| |||| 00| 0 eng d
020 _a9780716795988
041 _aeng
080 _a51
100 _a36
101 _aMAT
245 _aTEST BANK CALCULUS
_cROGAWSKI.J
942 _2udc
_cBK
999 _c23805
_d23805